000 01471nam a2200445Ii 4500
001 sjds1134873
003 sjds
005 20251118015541.0
008 120830s2008 nyua c 000 1 eng d
020 _a9780141321028
020 _a0141321024
020 _a9780141341736
035 _a1134873
035 _a(OCoLC)183915433
035 _a(OCoLC)(OCoLC)183915433
035 _a1134873
035 _a1134873
035 _a1134873
040 _aPABRO
_beng
_erda
_cPABRO
041 _aeng
049 _aIFAA
099 _f2008
100 1 _aBaum, L. Frank
_q(Lyman Frank),
_d1856-1919,
_eauthor.
245 1 4 _aThe Wizard of Oz /
_cL. Frank Baum ; introduced by Cornelia Funke ; illustrations by David McKee.
260 _aNew York :
_bPuffin Books,
_c2008.
264 1 _aNew York :
_bPuffin Books,
_c2008.
300 _avii, 187 pages :
_bcolor illustrations ;
_c19 cm
336 _atext
_btxt
_2rdacontent
337 _aunmediated
_bn
_2rdamedia
338 _avolume
_bnc
_2rdacarrier
520 _aAfter a cyclone transports her to the land of Oz, Dorothy must seek out the great wizard in order to return to Kansas.
521 8 _a1030L
_bLexile
526 0 _aLexile
526 0 _aAccelerated Reader AR
_bMG
_c7
_d7
_z525.
600 1 0 _aGale, Dorothy
_c(Fictitious character)
_vJuvenile fiction.
650 0 _aOz (Imaginary place)
_vJuvenile fiction.
700 1 _aMcKee, David,
_eillustrator.
942 _cBK
999 _c31158
_d31156
999 _bCHILDREN FICTION BAUM 2008